Race and politics in the Bahamas /

Bibliographic Details
Main Author: Hughes, Colin A.
Format: Book
Language:English
Published: New York : St. Martin's Press, 1981.
Subjects:

MARC

Tag First Indicator Second Indicator Subfields
LEADER 00000cam a22000008a 4500
001 in00000079938
005 20151008055244.0
008 810511s1981 nyuabc b 00110 eng
010 |a  81008774  
020 |a 0312661363 :  |c $25.00 
035 |a (OCoLC)07550764 
035 |9 AAJ2971AM 
039 0 |a 2  |b 3  |c 3  |d 3  |e 3 
040 |a DLC  |c DLC  |d TXA  |d UtOrBLW 
043 |a nwbf--- 
049 |a TXAM  |c [951894] 
050 0 0 |a JL619.A15  |b H83 1981 
082 0 |a 320.97296  |2 19 
100 1 |a Hughes, Colin A. 
245 1 0 |a Race and politics in the Bahamas /  |c Colin A. Hughes. 
263 |a 8110 
264 1 |a New York :  |b St. Martin's Press,  |c 1981. 
300 |a 250 pages :  |b illustrations, maps, portraits ;  |c 23 cm. 
336 |a text  |b txt  |2 rdacontent 
337 |a unmediated  |b n  |2 rdamedia 
338 |a volume  |b nc  |2 rdacarrier 
504 |a Includes bibliographical references and indexes. 
651 0 |a Bahamas  |x Politics and government. 
651 0 |a Bahamas  |x Race relations. 
999 |a MARS 
999 f f |s e3b206a5-3261-3111-9f24-52c7c508d941  |i 662e6dff-f23b-37cd-9a5e-4622377bc3a7  |t 0 
952 f f |p ric  |a Texas A&M University  |b Rellis Campus  |c Joint Library Facility  |d Remote Storage  |t 0  |e JL619.A15 H83 1981  |h Library of Congress classification  |i unmediated -- volume  |m A14806151199 
998 f f |a JL619.A15 H83 1981  |t 0  |l Remote Storage